00547nam a2200133Ia 4500008004100000100002000041245010900061245008800170260005300258260001800311300000800329650001500337856006100352170221s9999 xx 000 0 und d aBahtiar Mohamad aCorporate Identity Management (CIM) in Malaysian Higher Education Sector: Developing a Conceptual Model  cBahtiar Mohamad, Hassan Abu Bakar, Ahmed Rageh Ismail, Haslina Halim, Rosmiza Bidin bInternational Review of Management and Marketing cFebruary 2015 a4:1 xMarketing. uhttp://www.econjournals.com/index.php/irmm/issue/view/91